[Event "19th Delhi GM Open 2022"]
[Site "Delhi"]
[Date "2022.03.26"]
[Round "7.7"]
[White "Iniyan, P."]
[Black "Vignesh N R"]
[Result "1/2-1/2"]
[WhiteElo "2516"]
[BlackElo "2444"]
[Annotator "TA"]
[PlyCount "65"]
[EventDate "2022.03.22"]
[EventType "swiss"]
[EventCountry "IND"]
[SourceTitle "playchess.com"]
[Source "ChessBase"]
[SourceQuality "1"]

{[%evp 13,65,8,12,4,3,21,6,7,0,0,10,10,18,-29,-28,-21,-16,-54,-38,-48,-51,-61,-43,-44,-55,-108,-141,-152,-163,-260,-96,-100,-99,-92,-85,-89,-88,-111,-26,-119,-110,-125,-125,-102,-111,-121,-16,-16,-16,-16,0,0,0,-15]} 1. d4 d5 2. c4 e6 3. Nc3 Be7 4. Nf3 Nf6 5. Bf4 O-O 6. e3 b6 7. Rc1 Bb7 8. cxd5 {D37: Queen's Gambit Declined: 5 Bf4.} Nxd5 9. Nxd5 Qxd5 10. a3 ({Much worse is} 10. Bxc7 Bb4+ 11. Nd2 Qxa2 $17) 10... c5 11. Bc4 Qd8 12. O-O Bf6 {[#]} 13. Qe2 $146 (13. Be2 {feels stronger.}) ({Predecessor:} 13. dxc5 Bxb2 14. Rb1 Qxd1 15. Rfxd1 Bxa3 16. Bd6 Bxf3 17. gxf3 Rc8 18. cxb6 axb6 19. Bxa3 Rxa3 20. Rxb6 {½-½ (29) Nakamura,H (2743)-So,W (2776) Saint Louis 2019}) 13... cxd4 $11 14. Rfd1 {[%cal Rf3d4]} ({Reject} 14. Nxd4 e5 15. Nf5 exf4 $17) 14... Nc6 15. Bb5 Rc8 16. e4 Ne7 $1 17. e5 {[#]} Ng6 $1 18. Rxc8 Qxc8 19. exf6 (19. Bg3 $15 Be7 20. Rxd4) 19... Nxf4 $17 20. Qe5 {[#]} Qc2 $1 {[%csl LRb2,LRd1]} 21. Rxd4 (21. Rf1 $142 Nh3+ 22. Kh1 (22. gxh3 $2 Bxf3 23. fxg7 Qg6+ 24. Qg3 Rc8 $19)) 21... Ng6 $2 (21... Bxf3 $19 {and Black stays clearly on top.} 22. gxf3 Qg6+ 23. Kf1 Qb1+ 24. Qe1 Qxb2 25. Rxf4 Qxb5+ 26. Qe2 Qxe2+ 27. Kxe2 gxf6 28. Rxf6 Rc8) 22. Qe2 Qxe2 23. Bxe2 gxf6 24. Rd7 Bd5 25. Ba6 {Inhibits Rc8.} Bc6 ({Black should try} 25... Bxf3 $17 26. gxf3 Ra8) 26. Rc7 (26. Rxa7 $11 Rd8 27. Be2) 26... Bxf3 27. gxf3 {[%mdl 4096] Endgame KRB-KRN} Rd8 28. Rxa7 Rd1+ 29. Kg2 Nh4+ ({Black should play} 29... Rb1 $17 30. b4 Rb3) 30. Kg3 $11 {The position is equal.} Nf5+ 31. Kg2 $1 Nh4+ 32. Kg3 Nf5+ 33. Kg2 $1 {Weighted Error Value: White=0.22 (precise) /Black=0.19 (very precise)} 1/2-1/2

[Event "19th Delhi GM Open 2022"]
[Site "Delhi"]
[Date "2022.03.26"]
[Round "7.8"]
[White "Nigmatov, Ortik"]
[Black "Arjun Kalyan"]
[Result "1-0"]
[WhiteElo "2445"]
[BlackElo "2506"]
[Annotator "TA"]
[PlyCount "131"]
[EventDate "2022.03.22"]
[EventType "swiss"]
[EventCountry "IND"]
[SourceTitle "playchess.com"]
[Source "ChessBase"]
[SourceQuality "1"]

{[%evp 17,131,44,49,15,16,18,17,6,19,11,13,13,13,7,14,19,8,12,23,16,11,15,6,0,0,0,0,0,26,0,7,8,5,5,15,19,16,14,35,35,32,25,63,49,69,92,93,70,141,152,164,162,142,155,166,132,151,162,259,229,214,220,234,213,211,196,210,206,227,233,317,311,292,280,345,338,306,304,346,246,258,256,250,187,175,145,282,257,239,242,406,408,604,597,487,484,423,418,706,706,684,652,596,585,680,640,712,691,29949,29950,29947,10508,29973,29974,29982,29983]} 1. e4 e5 2. Nf3 Nc6 3. Bb5 a6 4. Ba4 Nf6 5. O-O b5 6. Bb3 Bc5 7. a4 Rb8 8. c3 d6 9. d4 Bb6 10. a5 {C78: Ruy Lopez: Archangelsk and Möller Defences.} Ba7 ({Don't play} 10... Nxa5 11. Rxa5 Bxa5 12. dxe5 $14) (10... Bxa5 $2 11. dxe5 (11. d5 Ne7 $18) 11... dxe5 12. Qxd8+ Kxd8 13. Bd5 (13. Bxf7 Bb6 $16) 13... Nxd5 14. exd5 $18) 11. h3 O-O 12. Be3 {The position is equal.} exd4 {12...Re8 is the modern continuation.} 13. cxd4 Nb4 14. Nc3 Bb7 15. Ng5 {aiming for Nxf7.} Qe7 (15... h6 $2 16. Nxf7 Rxf7 17. Bxf7+ Kxf7 18. Qb3+ Nbd5 19. Nxd5 $16) 16. e5 $1 dxe5 {White must now prevent ...Rbd8.} 17. Nxf7 e4 (17... Rxf7 $2 18. dxe5 c5 19. exf6 (19. Bxf7+ Qxf7 20. exf6 Re8 $18) 19... Qxf6 20. Bxf7+ Qxf7 21. Qd6 $16) 18. Ng5+ Kh8 19. Ne6 {[#] Inhibits Rbd8.} Rfc8 $146 ({Predecessor:} 19... Rfe8 20. d5 Bxe3 21. fxe3 Rbc8 22. Qd2 c5 23. dxc6 Bxc6 24. Qd4 Nd3 25. Ne2 Qb4 26. Qxb4 Nxb4 {½-½ (32) Tylecek,D (2160)-Cvak,R (2363) LSS email 2018}) 20. d5 Bxe3 21. fxe3 c5 $1 {...c4 is the strong threat.} 22. dxc6 $1 ({Of course not} 22. d6 Qd7 23. Rxf6 gxf6 $17) 22... Bxc6 23. Qd4 {[%cal Of1f6]} (23. Qe1 {keeps more tension.} Nh5 24. Qf2 Re8 25. Nd4 Bd7 26. Qf7) 23... Nc2 24. Bxc2 Qxe6 25. Ne2 b4 26. Qd2 Bd5 27. Nd4 Qe7 28. Bd1 Rc5 29. Be2 Qc7 30. Rfc1 Rxc1+ 31. Qxc1 {White leaves nothing to chance now.} Qd6 32. Qc2 h6 (32... b3 $14 33. Qd2 Bg8) 33. Rc1 $1 $16 Qg3 34. Nf5 Qg5 {[#]} 35. Qc7 $1 Re8 36. Qf4 Qxf4 37. exf4 Be6 (37... e3 $142 38. Bxa6 e2) 38. Nd4 Bc8 39. Nc6 Nd5 {[#]} 40. g3 Bb7 {And now ...Rc8 would win.} 41. Ne5 Kg8 42. Bh5 Re7 {[#]} 43. Bg6 $1 Rc7 44. Rxc7 Nxc7 $18 {[%mdl 4096] Endgame KBN-KBN} 45. Kf2 Nb5 46. Ke3 Nd6 47. Kd4 Kf8 48. Kc5 Ke7 49. Kxb4 e3 50. Kc3 Be4 51. Bh5 Nf5 (51... Bf5 $16 {keeps fighting.}) 52. Be2 {Threatens to win with g4.} Nxg3 53. Bxa6 Ke6 $2 (53... Bg2 54. h4 Nf5) 54. Kd4 g5 (54... Bd5 $142 55. Kxe3 Nf5+ 56. Kf2 Ne7) 55. Kxe3 Bd5 56. Nd3 Nf5+ 57. Kd2 {Hoping for Bc8+.} Kd6 (57... Ne7 $142 58. b4 Kd6 59. fxg5 hxg5) 58. fxg5 hxg5 59. b4 Ne7 60. Nf2 Kc7 61. Be2 Be6 62. Bf3 Nd5 63. Bxd5 Bxd5 64. Kd3 {Threatening mate with Ne4.} Kc6 65. Ne4 Kb5 66. Nc3+ {Weighted Error Value: White=0.07 (flawless) /Black=0.51} 1-0

[Event "19th Delhi GM Open 2022"]
[Site "Delhi"]
[Date "2022.03.26"]
[Round "7.9"]
[White "Harsha Bharathakoti"]
[Black "Srija, Seshadri"]
[Result "1-0"]
[WhiteElo "2499"]
[BlackElo "2219"]
[Annotator "TA"]
[PlyCount "107"]
[EventDate "2022.03.22"]
[EventType "swiss"]
[EventCountry "IND"]
[SourceTitle "playchess.com"]
[Source "ChessBase"]
[SourceQuality "1"]

{[%evp 9,107,33,30,40,27,28,23,20,40,45,33,10,37,44,41,27,41,18,53,34,49,18,10,-5,35,13,88,80,64,62,52,62,76,71,88,34,139,153,143,153,151,150,136,98,128,130,177,183,203,168,285,289,277,33,133,138,239,241,450,0,0,0,489,0,0,0,0,0,0,0,194,0,0,-32,0,0,0,0,0,-8,0,0,8,0,8,0,6,7,102,113,208,60,110,101,434,428,1988,1722,29989,29990]} 1. e4 e5 2. Nf3 Nc6 3. Bb5 g6 4. c3 {[%cal Bc2c3,Bc3d4,Bd4d5][%mdl 32]} Bg7 5. d4 exd4 6. cxd4 {C60: Ruy Lopez: Unusual Black 3rd moves and 3...g6.} a6 7. Ba4 b5 8. Bc2 {White has an edge.} d6 9. d5 Na5 10. h3 {[#]} Nc4 $146 ({Predecessor:} 10... Ne7 11. O-O O-O 12. a4 b4 13. Ra2 c6 14. dxc6 b3 15. Bxb3 Nxb3 16. Qxb3 Be6 {½-½ (55) Peczely,S (2283)-Nestorovic,N (2458) Hungary 2019}) 11. Nc3 Ne7 12. O-O O-O 13. Rb1 f5 14. a4 Bd7 15. axb5 axb5 16. Nd4 f4 17. Ncxb5 Qc8 (17... f3 $1 $11) 18. Bb3 Ne5 {[%cal Of4f3]} 19. Nc6 Bxc6 20. dxc6+ Kh8 21. Nd4 f3 22. Be6 ({White should try} 22. Ne6 $1 $16) 22... Qa6 (22... Qb8 $1 $14) 23. b4 $1 $36 {[%cal Bb2b4,Bb4b5][%mdl 2080] White is in control.} (23. Nxf3 Nxf3+ 24. gxf3 Nxc6 $14) (23. gxf3 N7xc6 24. Nxc6 (24. f4 $2 Nxd4 25. fxe5 Nxe6 $19) 24... Nxf3+ 25. Kg2 Qxc6 $15) 23... fxg2 24. Kxg2 {Chess con chili.} Qd3 25. Qxd3 Nxd3 26. Nb5 Rab8 27. Nxc7 {Threatens to win with b5.} Nxc6 (27... Nxb4 $16 28. Bb3 Rfc8) 28. b5 $1 $18 Nd4 29. Bc4 {A strong pair of Bishops.} Ne5 (29... Nxc1 $142 30. Rfxc1 (30. Rbxc1 Rfc8 $16) 30... Rb6) 30. Bd5 Nef3 31. Rd1 $2 (31. Kh1 $18) 31... Ne2 (31... Nh4+ $1 $14 32. Kg3 Rxf2) 32. Rb3 $16 (32. Ne6 $6 Nh4+ 33. Kf1 Ng3+ 34. Kg1 Ne2+ 35. Kf1 Ng3+ 36. Kg1 Ne2+ 37. Kf1 $11) 32... Nh4+ (32... Nfd4 $16) 33. Kf1 $18 Nd4 (33... Nxc1 {was worth a try.} 34. Rxc1 Bd4) 34. Rb4 Rxf2+ $1 {[%mdl 64] Decoy} 35. Kxf2 Rf8+ 36. Kg1 $2 (36. Ke1 $1 $18 Nhf3+ 37. Kf1 Nh4+ 38. Kg1 Ne2+ 39. Kh1 Ng3+ 40. Kg1 (40. Kh2 Rf2+ 41. Kxg3 Rg2+ 42. Kxh4 Bf6+) 40... Ne2+ 41. Kh1 Ng3+ 42. Kg1 (42. Kh2 Rf2+ 43. Kxg3 Rg2+ 44. Kxh4 Bf6+) 42... Ne2+) 36... Ne2+ $11 37. Kh1 Ng3+ 38. Kg1 $1 (38. Kh2 Rf2+ 39. Kxg3 Rg2+ 40. Kxh4 Bf6+) 38... Ne2+ 39. Kh1 Rf2 $2 {[#]} (39... Ng3+ $11 {and Black has nothing to worry.} 40. Kg1 (40. Kh2 {is a self mate.} Rf2+ 41. Kxg3 Rg2+ 42. Kxh4 Bf6+) 40... Ne2+) 40. e5 $2 (40. Rb2 $1 $18 {[%cal Rb2a2]} Be5 41. Rxe2 $1 {[%mdl 512]} Rxe2 42. Be3 $1 (42. b6 Nf3 $11) 42... Rxe3 43. b6) 40... Bxe5 {[%csl Ge5][%cal Rf2h2]} 41. Bf4 {To avoid Rh2+} Nxf4 42. Rxf4 Bxf4 43. Ne6 {Hoping for Ra1.} Be3 {...Nf5 is the strong threat.} 44. Be4 d5 45. Rxd5 {Threatening mate with Rd8+.} Rf1+ 46. Kh2 {Intending Rd8+ and mate.} h5 47. Rd3 Bg1+ 48. Kg3 Bf2+ (48... Rf6 $1 $11 49. Nf4 (49. Kxh4 Rxe6 50. Bd5 Bf2+ 51. Kg5 Be3+ 52. Kh4 Bf2+ 53. Kg5 Be3+ 54. Kh4 Bf2+ $11) (49. Rd8+ Kh7 $11) 49... Kg7) 49. Kf4 $16 {White is more active.} Kh7 {[#]} (49... Kg8 $16) 50. Ke5 (50. Kg5 $1 $18) 50... Bb6 (50... Kh6 $1 $14) 51. Rd6 Ba5 {[%mdl 8192]} (51... Bg1 $16 52. Rd7+ Kh6) 52. b6 $18 Nf3+ (52... Bxb6 $142 53. Rxb6 Kh6) 53. Bxf3 Rxf3 54. Ng5+ {Weighted Error Value: White=0.55/Black=0.64} 1-0

[Event "19th Delhi GM Open 2022"]
[Site "Delhi"]
[Date "2022.03.26"]
[Round "7.10"]
[White "Gholami Orimi, Mahdi"]
[Black "Gupta, Abhijeet"]
[Result "0-1"]
[WhiteElo "2420"]
[BlackElo "2628"]
[Annotator "TA"]
[PlyCount "92"]
[EventDate "2022.03.22"]
[EventType "swiss"]
[EventCountry "IND"]
[SourceTitle "playchess.com"]
[Source "ChessBase"]
[SourceQuality "1"]

{[%evp 25,92,35,47,35,45,43,56,58,64,64,72,66,89,83,78,105,128,14,32,19,30,32,143,40,87,89,110,108,117,131,128,41,19,0,0,0,62,-71,-40,-134,0,0,0,-8,-15,0,-10,-8,-8,-8,-8,-8,-6,-6,0,0,-8,-8,-8,-60,-60,-1110,-1101,-29982,-29983,-29982,-29983,-29991,-191]} 1. d4 Nf6 2. c4 g6 3. g3 Bg7 4. Bg2 O-O 5. Nc3 d6 6. Nf3 Nbd7 7. O-O e5 8. e4 exd4 9. Nxd4 Re8 10. h3 Nc5 11. Re1 Bd7 12. Rb1 h6 13. b3 {[%cal Bb2b3,Bb3b4][%mdl 32]} a5 14. Bb2 {[#] E68: King's Indian: Fianchetto: 6...Nbd7 7 0-0 e5 8 e4.} h5 $146 ({Predecessor:} 14... c6 15. Nc2 Qc7 16. Ba3 b6 17. Qd2 Rad8 18. Rbd1 Bc8 19. Qc1 Nh7 20. Bb2 Ng5 {0-1 (58) Bosiocic,M (2625)-Demchenko,A (2641) Chess.com INT 2020}) 15. Qd2 a4 16. b4 {White is slightly better.} a3 {[%cal Of6e4]} 17. Ba1 $1 Na4 18. Ncb5 c5 {[#]} 19. Nxd6 $1 {Strongly threatening bxc5.} cxd4 20. e5 (20. Nxe8 Nxe8 21. e5 Qc7 $11) 20... Nh7 21. Bxd4 (21. Nxe8 Qxe8 22. Bxb7 (22. Bxd4 Be6 $11) 22... Rd8) (21. Bxb7 $16 Rb8 22. Qxd4 (22. Nxe8 Qxe8 23. Bg2 Be6 $16) (22. Bxd4 Rxb7 23. Nxb7 Ng5 $14)) 21... Bc6 $1 $11 22. Nxb7 Bxb7 23. Bxb7 Ra7 (23... Rb8 $1 $14 24. Bd5 Nb6) 24. Bd5 {A strong pair of Bishops.} (24. Bc6 $1 $16 {[%cal Rc6e8]} Rd7 25. Bxd7 (25. Bxa4 $2 Rxd4 26. Qc3 Rxe5 $19) 25... Qxd7 26. Qd1) 24... Rae7 (24... Rd7 $14) 25. f4 Nb6 26. Bxb6 Qxb6+ 27. c5 Qc7 {[%cal Oh5h4]} 28. Rb3 (28. c6 $16) 28... h4 $14 29. gxh4 Bh6 {[%cal Re7e5]} 30. Rg3 {And now Rxg6+ would win.} Kf8 (30... Kh8 $1 $11) 31. Qd4 (31. Rxa3 Rxe5 $1 32. Rxe5 Rxe5 33. Ra8+ Kg7 $17) (31. Rf1 $1 $14 Qxe5 32. fxe5 Bxd2 33. b5) 31... Nf6 $1 $17 {[%mdl 1024] aiming for ...Rd8. Black has strong compensation.} 32. Bf3 {[#]} (32. Bb3 $1 $15) 32... Rd8 ({Better is} 32... Rd7 $1 $17 {[%cal Rd7d4]} 33. Qe3 Nd5 34. Bxd5 Rxd5) 33. Qc4 $11 Nd7 {[%cal Rd7e5] Hoping for ...Nxe5!} 34. Kh1 $132 {[%mdl 2048] [#] White is not keeping still} Nb6 $1 35. Qb3 Bxf4 36. cxb6 Qxb6 {White must now prevent ...Qf2.} 37. Rg2 {Prevents Qf2.} Rxe5 38. Rxe5 Bxe5 39. h5 $1 Rc8 40. hxg6 $1 {[%csl Gg6][%cal Rb3f7]} (40. Qxa3 Rc3 41. Qa8+ Kg7 $19) 40... Rc1+ 41. Bd1 {[%csl Gg6][%cal Rb3f7]} fxg6 {Threatens to win with ...Rc3. Chess con chili.} (41... Qb7 $2 42. b5 Ra1 43. Qxa3+ (43. gxf7 Qe4 $17) 43... Ke8 44. gxf7+ (44. Qb3 Qe4 $16) 44... Kxf7 45. Qd3 $18) 42. Rg1 ({White should try} 42. Qf3+ $11 Kg7 43. Rd2 Qxb4 44. Rd7+ Kh6 45. Qe3+ Qf4 46. Qxf4+ Bxf4 47. Kg2) 42... Kg7 $1 $15 {( -> ...Qf2)} 43. Qf3 {[%mdl 8192] To avoid Qf2. Loses the game.} (43. Qd5 $15 Qd4 44. Qb7+ (44. Qxd4 $2 Bxd4 45. Re1 Ra1 $19) 44... Bc7 45. Qg2) 43... Rc3 $19 44. Qg4 Qc6+ {Black mates.} 45. Rg2 Rg3 {[%csl Gg3][%cal Rc6g2]} 46. Qe2 Rxh3+ {Weighted Error Value: White=0.58/Black=0.14 (very precise)} 0-1

[Event "19th Delhi GM Open 2022"]
[Site "Delhi"]
[Date "2022.03.26"]
[Round "7.11"]
[White "Visakh N R"]
[Black "Harshavardhan G B"]
[Result "1-0"]
[WhiteElo "2522"]
[BlackElo "2402"]
[Annotator "TA"]
[PlyCount "99"]
[EventDate "2022.03.22"]
[EventType "swiss"]
[EventCountry "IND"]
[SourceTitle "playchess.com"]
[Source "ChessBase"]
[SourceQuality "1"]

{[%evp 13,99,16,21,16,10,8,7,0,2,0,0,0,0,0,0,0,21,0,21,13,18,6,14,12,32,0,59,66,66,70,77,64,60,51,104,101,85,106,100,98,91,81,81,80,88,94,85,77,247,242,238,171,173,154,147,163,256,266,266,266,251,222,252,264,224,187,221,0,266,245,375,360,345,361,350,345,383,376,831,831,29973,29975,29975,29976,29976,29977,29987,29988]} 1. d4 Nf6 2. c4 e6 3. g3 d5 4. Bg2 dxc4 5. Nf3 Nc6 6. Qa4 Bb4+ 7. Bd2 Nd5 8. Qb5 {E04: Open Catalan: 5 Nf3.} Bxd2+ 9. Nbxd2 c3 10. bxc3 {The position is equal.} Nxc3 11. Qd3 {11.Qb3 is more advanced technology.} Nd5 12. O-O O-O 13. Rfc1 Nce7 14. e4 Nb6 {[#]} 15. Nb3 $146 {[%mdl 1024] White has compensation.} ({Predecessor:} 15. Qc3 c6 16. Ne5 f6 17. Nd3 Ng6 18. a4 Nd7 19. Qb3 Qe7 20. d5 cxd5 21. exd5 {1-0 (67) Borroto Fajardo,A (1997)-Solares Orozco,K (2185) Ciego de Avila 2018}) 15... Bd7 16. Ne5 Rb8 17. Qc3 Bb5 18. Nc5 Nc6 19. Nf3 Ne7 (19... Bc4 $11) 20. a4 $14 Bc6 21. Ne5 Be8 22. Rcb1 a5 $1 23. Rd1 Nc6 {[#]} (23... Nd7 $14) 24. Nxb7 $1 $16 {[%mdl 576] Remove Defender. White is much more active. Black has bad knights.} Rxb7 25. Nxc6 Bxc6 26. Qxc6 Ra7 27. d5 exd5 28. exd5 Qd6 29. Qxd6 cxd6 {[#]} 30. Rdc1 $1 $36 {[%mdl 2048] Black is under strong pressure.} Rc8 $2 (30... Na8 $16 {was necessary.}) 31. Rc6 $18 Rb8 32. Rxd6 Rd7 33. Rxd7 Nxd7 {[%mdl 4096] Endgame KRB-KRN} 34. d6 Rb6 (34... Kf8 $142 35. Rd1 Nf6) 35. Rd1 {Black must now prevent Bh3.} Kf8 36. Bh3 Ke8 37. Rd5 Ra6 {[#]} 38. Bf1 $1 Ra7 39. Rb5 Ra6 40. Rd5 Ra7 41. g4 {aiming for Bb5.} h6 (41... Kd8 {is a better defense.} 42. Bb5 Rb7) 42. h4 {[%cal Bh2h4,Bh4h5,Bh5h6,Bh6h7][%mdl 32]} Kd8 43. Bb5 Rb7 44. g5 {Strongly threatening gxh6.} hxg5 45. Rxg5 {Rh5 would kill now.} g6 {To avoid Rh5} (45... Rb6 46. Rxg7 Rxd6 47. Rxf7 Ne5) 46. h5 {Threatening mate with h6.} Nf8 47. Re5 {[%csl Gb5][%cal Re5e8] White mates.} Nd7 {[#]} 48. h6 $1 {[%mdl 512]} Nxe5 49. h7 {[%cal Rh7h8]} Nf3+ 50. Kh1 {Weighted Error Value: White=0.10 (very precise) /Black=0.36} 1-0

[Event "19th Delhi GM Open 2022"]
[Site "Delhi"]
[Date "2022.03.26"]
[Round "7.12"]
[White "Srihari L R"]
[Black "Deepan Chakkravarthy J."]
[Result "0-1"]
[WhiteElo "2400"]
[BlackElo "2520"]
[Annotator "TA"]
[PlyCount "100"]
[EventDate "2022.03.22"]
[EventType "swiss"]
[EventCountry "IND"]
[SourceTitle "playchess.com"]
[Source "ChessBase"]
[SourceQuality "1"]

{[%evp 18,100,2,-15,22,-17,-7,-18,-9,-20,85,-70,59,-18,35,28,25,-16,-18,-96,-81,-87,-89,-93,-89,-93,-123,-177,-91,-99,-99,-135,-132,-295,-265,-273,-271,-303,-132,-133,-64,-107,-91,-114,-28,-206,0,-328,-81,-91,-91,-280,-255,-248,-36,-130,0,-191,-191,-208,-215,-278,-274,-339,-317,-766,-795,-29988,-29988,-29988,-29987,-29988,-29989,-29989,-29990,-29990,-29989,-29989,-29989,-29990,-29989,-29991,-29988,-29989,-543]} 1. Nf3 c5 2. g3 Nc6 3. Bg2 e5 4. e4 g6 5. O-O Bg7 6. d3 Nge7 7. c3 O-O 8. a3 d6 9. b4 h6 10. Nbd2 f5 {[%cal Bf7f5,Bf5f4][%mdl 32] A04: Unusual lines after 1 Nf3 and King's Indian Attack.} 11. Qb3+ Kh7 12. Bb2 f4 {The position is equal.} 13. d4 g5 {[#]} (13... exd4 $11 {keeps the balance.} 14. cxd4 Nxd4 15. Nxd4 cxd4) 14. h3 $146 (14. dxc5 $6 dxc5 15. Rfd1 (15. bxc5 $2 g4 $19) 15... Qc7 $11) ({White has to play} 14. d5 $1 $16 {[%cal Rd5c6]}) ({Predecessor:} 14. d5 Nb8 15. bxc5 dxc5 16. c4 Ng6 17. Ne1 h5 18. f3 fxg3 19. hxg3 h4 20. g4 {1-0 (36) Amin,B (2686)-Williams,S (2464) Chess.com INT 2020}) 14... Ng6 (14... cxd4 $15 15. cxd4 Nxd4 16. Nxd4 exd4) 15. g4 (15. dxc5 $6 dxc5 16. g4 (16. bxc5 fxg3 17. fxg3 Qe7 $15) 16... Qe7 $11) (15. d5 $14 Nce7 16. bxc5) 15... b6 (15... cxd4 $11 16. cxd4 Nxd4 17. Nxd4 exd4) 16. Rfd1 Qe7 17. a4 (17. dxc5 $142 dxc5 18. Bf1) 17... exd4 $11 18. bxc5 (18. cxd4 $11 Nxb4 19. Nc4) 18... bxc5 $17 {Strongly threatening ...Rb8.} (18... dxc5 $6 19. cxd4 Ba6 20. d5 Bxb2 21. Qxb2 $11) 19. cxd4 Rb8 (19... cxd4 $6 20. Rac1 Bd7 21. Qa3 $11) (19... Nxd4 20. Nxd4 cxd4 21. e5 $14) 20. Qa3 {[#]} Rxb2 $1 {Black is more active.} 21. Qxb2 {[%cal Oe4e5]} Nxd4 22. e5 (22. Qb1 $17 {was called for.}) 22... Nxf3+ (22... dxe5 23. Nxd4 exd4 24. Be4 $11) ({Black should try} 22... Bxe5 $19 23. Nxe5 Nxe5) 23. Nxf3 dxe5 {White must now prevent ...e4.} ({Reject} 23... Nxe5 $6 24. Qc2+ Kh8 25. Rab1 $11) 24. Rac1 e4 $1 {[%csl LRb2,LRf3]} 25. Qb1 (25. Qc2 $17 {was forced.}) 25... exf3 $19 26. Bxf3 Be6 27. Re1 {[%cal Oc1c5]} Qd6 (27... Bd4 $1 $19 {is more deadly.} 28. Qe4 Re8) 28. Rxc5 $17 {Hoping for Rc6.} Rb8 ({Of course not} 28... Qxc5 $6 29. Rxe6 Rf6 30. Rxf6 Bxf6 31. Be4 $11) (28... Bxg4 $2 29. Rc6 Bf5 30. Rxd6 $18) ({Black should play} 28... Bf7 $17 29. Rc6 Qa3) 29. Rb5 (29. Qc1 $1 $15 {was preferrable.} Bf7 30. Rd1) 29... Rxb5 30. axb5 Bf7 (30... Bc3 $1 $17 {[%cal Rc3e1]} 31. Rd1 Qb4 32. Qxb4 Bxb4) 31. Rc1 (31. Rd1 $1 $11 Qc5 32. Qf5 Qxf5 33. gxf5) 31... Qa3 $2 (31... Bd4 $1 $19 32. Rc6 Qe5) 32. Bg2 $2 {[%mdl 8192]} (32. Rc7 $11 Kh8 33. Rxf7) 32... Kg8 $2 (32... Bd4 $19 33. Rc7 Kg8 34. Rc8+ Kg7) 33. Rc8+ Nf8 34. Qf5 $2 (34. Qe4 $17) 34... Qa1+ 35. Bf1 {[#]} Qe5 {Inhibits Qe4.} ({Better is} 35... Bd4 $1 $19 {aiming for ...Qe1.} 36. Rc7 Be6) 36. Qd3 (36. Bc4 $15 Qxf5 37. gxf5) 36... h5 (36... Be6 $17 37. Rc6 Qb2) 37. Be2 $2 (37. gxh5 $11 {and White has nothing to worry.} Bxh5 38. Qc2) 37... hxg4 $19 38. hxg4 Bf6 39. Bf3 Kg7 40. Ra8 Qc5 41. Qf5 $2 (41. Qd2) 41... Qc1+ 42. Kh2 Qd2 {Black mates.} 43. Qc5 Ne6 44. Qxa7 Nd4 45. Bd5 Qxf2+ 46. Kh1 Qh4+ 47. Kg1 Qxg4+ 48. Kh2 Qg3+ 49. Kh1 Qh3+ 50. Kg1 {[#]} Ne2+ {Weighted Error Value: White=0.79/Black=0.45} (50... Kh6 $142 $1 51. Qc5 Qg3+ 52. Kf1 Qd3+ 53. Kg2 f3+ 54. Bxf3 Qxf3+ 55. Kh2 Qe2+ 56. Kg3 Be5+ 57. Qxe5 Qxe5+ 58. Kg2 Bd5+ 59. Kh3 Qe3+ 60. Kh2 Qf4+ 61. Kh3 Qh4#) 0-1

[Event "19th Delhi GM Open 2022"]
[Site "Delhi"]
[Date "2022.03.26"]
[Round "7.13"]
[White "Karthikeyan, P.."]
[Black "Mosadeghpour, Masoud"]
[Result "1-0"]
[WhiteElo "2396"]
[BlackElo "2511"]
[Annotator "TA"]
[PlyCount "121"]
[EventDate "2022.03.22"]
[EventType "swiss"]
[EventCountry "IND"]
[SourceTitle "playchess.com"]
[Source "ChessBase"]
[SourceQuality "1"]

{[%evp 9,121,7,37,25,51,25,34,20,11,25,45,43,42,34,39,0,0,0,0,0,25,0,21,0,60,47,62,65,52,72,66,48,49,45,49,49,49,50,51,0,0,6,9,0,0,0,0,0,0,-23,0,0,0,0,0,0,0,0,8,5,30,27,80,73,72,68,59,2,2,2,2,2,2,0,0,0,4,0,224,210,318,324,404,397,410,399,417,346,357,342,342,268,256,160,347,227,223,195,665,647,632,629,606,594,575,458,454,394,451,432,408,377,547,534]} 1. d4 {CB} Nf6 2. c4 g6 3. f3 e6 4. Nc3 d5 5. Bg5 h6 6. Bh4 {[#] E60: King's Indian: Unusual lines and Fianchetto Variation without Nc3.} Nc6 $146 ({Predecessor:} 6... Be7 7. Qd2 Nbd7 8. Bg3 c6 9. e4 dxe4 10. fxe4 Bb4 11. Bd3 e5 12. a3 Ba5 {1-0 (36) Nakamura,H (2772)-Safarli,E (2660) Tromsoe 2013 CBM 156 [CB]}) 7. e3 Bg7 8. Bd3 {White is slightly better.} O-O 9. Nge2 dxc4 10. Bxc4 e5 11. d5 Na5 12. Qa4 (12. Bd3 $5 {[%cal Rb2b4]}) 12... c6 13. dxc6 bxc6 14. e4 Rb8 {[%cal Ba8b8,Bb8b7,Bb7c7][%mdl 32]} 15. Rd1 Qb6 16. Bf2 c5 ({Black should try} 16... Qc7 $11) 17. b3 $14 Rb7 18. Nd5 {White is more active.} Nxd5 19. Bxd5 Rc7 20. O-O (20. Rc1 $5 {[%cal Rb3b4]}) 20... Ba6 21. Rfe1 Qb4 {Prevents Nc3.} 22. Qxb4 cxb4 23. Rc1 Rxc1 24. Nxc1 (24. Rxc1 $14 Bxe2 25. Rc7 (25. Rc5 a6 $14)) 24... Rc8 $11 25. Bxa7 Nc6 26. Bxc6 Rxc6 27. Rd1 Rc3 {Hoping for ...h5.} 28. Kf2 Rc2+ 29. Kg3 f5 30. exf5 gxf5 {[#] White must now prevent ...f4+.} 31. Nd3 f4+ 32. Kh3 Bc8+ 33. g4 Rc3 {[%cal Oe5e4]} 34. Kg2 Ba6 35. Ne1 e4 (35... Kh7 $11) 36. Rd8+ Kh7 37. fxe4 {And now Rd7 would win.} Rc1 38. Kf2 (38. Nf3 $14) 38... Bc3 $1 {A strong pair of Bishops.} 39. Rd7+ Kg8 40. Nd3 Rd1 41. Rd8+ Kh7 $1 42. Rd7+ Kg8 43. Rd8+ Kg7 $2 {Black is now going downhill.} (43... Kh7 $1 $11 44. Rd7+ Kg8) 44. Nxf4 $18 ({Worse is} 44. Rd7+ Kg8 $14) 44... Rf1+ (44... Be1+ $2 45. Ke3 Rxd8 46. Ne6+ Kf6 47. Nxd8 $18) (44... Rxd8 $142 45. Ne6+ Kh7 46. Nxd8 Bd3) 45. Ke3 Re1+ 46. Kf3 Rf1+ 47. Bf2 Be5 48. Ne6+ Kf7 49. Nc5 Bb5 50. Nd3 Bc3 51. Rd5 Ba6 (51... Bxd3 $16 52. Rxd3 Be1) 52. Kg3 Ra1 53. Nc5 Bc8 (53... Rxa2 54. Be3 Bc8 55. Bxh6 Re2) 54. Rd8 Be6 55. Ra8 Be5+ 56. Kf3 {[#] Threatens to win with Ra7+.} Rf1 57. Nxe6 Kxe6 58. Ra6+ Kf7 59. Ke2 Rc1 60. Bg3 Bb2 (60... Bxg3 $142 61. hxg3 Rg1) 61. e5 {Weighted Error Value: White=0.15 (very precise) /Black=0.39} 1-0